[Event "13ème Open International de Saint-Affriq"]
[Site "Saint-Affrique"]
[Date "????.??.??"]
[Round "6.16"]
[White "Hedjazian, Kayhan"]
[Black "San Marco, Bruno"]
[Result "0-1"]
[WhiteElo "2092"]
[BlackElo "2239"]
[PlyCount "152"]

1. d4 d6 2. Nf3 Bf5 3. Nc3 Nf6 4. Bg5 Nbd7 5. e3 c6 6. Bd3 Bg6 7. O-O e5 8.
Bxg6 hxg6 9. dxe5 dxe5 10. Qe2 Qc7 11. e4 Bb4 12. Nb1 Nf8 13. c3 Be7 14. Bh4
Nh5 15. Bxe7 Nf4 16. Qe3 Qxe7 17. Nbd2 f6 18. Nc4 N8e6 19. Rfd1 O-O 20. Rd2
Rfd8 21. Rad1 Rxd2 22. Rxd2 Nf8 23. g3 N4e6 24. Nh4 b6 25. f3 Rd8 26. Kf2 Nc5
27. Ke2 Rd7 28. Rxd7 Qxd7 29. Qd2 Qh3 30. Ke1 Kh7 31. Ne3 Qe6 32. b3 Nfd7 33.
Kf2 a5 34. Nc4 Nb7 35. Qc2 b5 36. Nd2 Qd6 37. Ng2 Nbc5 38. Ne1 Nf8 39. Kg2 Nfe6
40. Nf1 Kg8 41. Qd2 Nb7 42. Qxd6 Nxd6 43. Nd3 Kf7 44. Kf2 Ke7 45. Ke3 Nb7 46.
Nd2 Kd6 47. Nf1 Nbc5 48. Nxc5 Kxc5 49. f4 exf4+ 50. gxf4 a4 51. h4 axb3 52.
axb3 b4 53. cxb4+ Kxb4 54. Nd2 Kc3 55. e5 f5 56. Nf3 c5 57. Ng5 Nc7 58. e6 Kxb3
59. Ke2 Nd5 60. Kd2 c4 61. Nf3 Kb4 62. Ne5 Ne7 63. Kc2 Kc5 64. Kd2 Kd4 65. Nf7
Ke4 66. Kc3 Kxf4 67. Kxc4 Kg3 68. Kd3 Kxh4 69. Ke2 g5 70. Kf2 Kh5 71. Kf3 Kg6
72. Kg3 Nc6 73. Nd8 Ne7 74. Nf7 Kf6 75. Nd8 Nd5 76. Nf7 Nc7 0-1

[Event "13ème Open International de Saint-Affriq"]
[Site "Saint-Affrique"]
[Date "????.??.??"]
[Round "6.41"]
[White "Sauvan, Olivier"]
[Black "Barbier, Thierry"]
[Result "1-0"]
[WhiteElo "1820"]
[BlackElo "1988"]
[PlyCount "33"]

1. d4 d5 2. c4 c6 3. cxd5 cxd5 4. Bf4 Nf6 5. Nc3 Nc6 6. e3 Bf5 7. Qb3 Qb6 8.
Qxb6 axb6 9. Bb5 Kd8 10. Nge2 Nb4 11. Kd2 Ne4+ 12. Nxe4 dxe4 13. a3 Nd5 14. Bg3
Be6 15. Rhc1 g5 16. Nc3 Nxc3 17. Rxc3 1-0

[Event "13ème Open International de Saint-Affriq"]
[Site "Saint-Affrique"]
[Date "????.??.??"]
[Round "6.55"]
[White "Boutaut, Pierre"]
[Black "Canivet, Christophe"]
[Result "1-0"]
[WhiteElo "1750"]
[BlackElo "1917"]
[PlyCount "35"]

1. d4 e6 2. e4 d5 3. Nc3 Bb4 4. e5 c5 5. Qg4 cxd4 6. Qxg7 dxc3 7. b3 Bf8 8.
Qxh8 Qh4 9. Qxg8 Qe4+ 10. Be2 Nc6 11. Ba3 Nb4 12. Bxb4 Qxb4 13. Qg4 d4 14. Nf3
d3 15. Qxb4 d2+ 16. Nxd2 Bxb4 17. Ne4 Bd7 18. Nf6+ 1-0

[Event "13ème Open International de Saint-Affriq"]
[Site "Saint-Affrique"]
[Date "????.??.??"]
[Round "6.69"]
[White "Arlabosse, Nicolas"]
[Black "Terrien, Claude"]
[Result "0-1"]
[WhiteElo "1810"]
[BlackElo "1590"]
[PlyCount "88"]

1. e4 c5 2. Nc3 Nc6 3. g3 g6 4. Bg2 Bg7 5. d3 Nf6 6. f4 d6 7. h3 O-O 8. Nf3 Ne8
9. g4 e6 10. Ne2 f5 11. exf5 exf5 12. g5 Be6 13. c3 a5 14. d4 Nc7 15. h4 Re8
16. O-O Bc4 17. Re1 Re7 18. Kf2 Qd7 19. Nd2 Bd5 20. Bxd5+ Nxd5 21. Qb3 Qe6 22.
Nf3 Kh8 23. c4 Ndb4 24. d5 Qe4 25. dxc6 Nd3+ 26. Kg3 Nxe1 27. Nxe1 Qxe2 28. Ng2
Qg4+ 29. Kh2 bxc6 30. Be3 Rae8 31. Re1 Bd4 32. Bxd4+ cxd4 33. Rxe7 Rxe7 34.
Qb8+ Kg7 35. Qxd6 Kf8 36. Qf6+ Ke8 37. Qxc6+ Rd7 38. Qa8+ Ke7 39. Qxa5 Qe2 40.
Qe1 Qxe1 41. Nxe1 d3 42. Nxd3 Rxd3 43. b4 Rd2+ 44. Kg3 Rxa2 0-1

[Event "13ème Open International de Saint-Affriq"]
[Site "Saint-Affrique"]
[Date "????.??.??"]
[Round "6.101"]
[White "Preti, Eliane"]
[Black "Boyd, Christopher"]
[Result "1-0"]
[WhiteElo "1025"]
[BlackElo "1120"]
[PlyCount "91"]

1. d4 d5 2. Nf3 Nf6 3. g3 c6 4. Bg2 e6 5. O-O Bd6 6. c3 O-O 7. a3 a6 8. b3 Bd7
9. c4 dxc4 10. bxc4 b5 11. c5 Be7 12. e3 a5 13. Qd2 b4 14. axb4 Na6 15. bxa5
Ne4 16. Qd3 Nf6 17. Bd2 Nd5 18. Qc4 Nb8 19. e4 Nf6 20. Re1 Ng4 21. e5 h6 22.
Bh3 Bg5 23. Bxg4 Bxd2 24. Nbxd2 Rxa5 25. Nb3 Rxa1 26. Rxa1 Bc8 27. Qc3 Ba6 28.
Qc2 f5 29. Bh3 Qd5 30. Bg2 Bc4 31. Rb1 Na6 32. Nh4 Nb4 33. Qc3 Na2 34. Qe3 Qd8
35. Qd2 Qa8 36. Na5 Rb8 37. Bxc6 Rxb1+ 38. Kg2 Bd5+ 39. f3 Bxc6 (39... Qa6) 40.
Qxa2 Rb5 41. Qxe6+ Kh7 42. Nxc6 Qa2+ 43. Qxa2 g5 44. Nxf5 h5 45. Qf7+ Kh8 46.
Qg7# 1-0

[Event "13ème Open International de Saint-Affriq"]
[Site "Saint-Affrique"]
[Date "????.??.??"]
[Round "6.14"]
[White "Guedon, Stephane"]
[Black "Faure, Nicolas"]
[Result "0-1"]
[WhiteElo "2263"]
[BlackElo "2013"]
[PlyCount "46"]

1. d4 g6 2. c4 Bg7 3. Nf3 c5 4. d5 f5 5. g3 d6 6. Bg2 Nf6 7. O-O O-O 8. Nc3 Na6
9. a3 Bd7 10. Rb1 Rb8 11. b4 b6 12. e4 Ng4 13. Qc2 cxb4 14. axb4 Qc7 15. Nd2 b5
16. Ne2 $11 bxc4 17. Ba3 c3 18. Nf3 Qc4 19. Ng5 Nxb4 20. Bxb4 Rxb4 21. Rxb4
Qxb4 22. Nf4 Qb2 23. Qd1 c2 0-1

[Event "13ème Open International de Saint-Affriq"]
[Site "Saint-Affrique"]
[Date "????.??.??"]
[Round "7.1"]
[White "Apicella, Manuel"]
[Black "Kosten, Anthony C"]
[Result "1/2-1/2"]
[WhiteElo "2553"]
[BlackElo "2522"]
[PlyCount "100"]

1. e4 c5 2. Nf3 d6 3. d4 Nf6 4. Nc3 cxd4 5. Nxd4 a6 6. Be3 e5 7. Nb3 Be6 8. f3
Nbd7 9. Qd2 b5 10. g4 Nb6 11. g5 Nfd7 12. Nd5 Rc8 13. Na5 Nxd5 14. exd5 Bxd5
15. Qxd5 Qxa5+ 16. c3 Be7 17. a4 O-O 18. Bh3 Qd8 19. axb5 axb5 20. Ra7 Rc7 21.
Rxc7 Qxc7 22. Qxb5 Nc5 23. O-O Rb8 24. Qe2 d5 25. Ra1 d4 26. cxd4 Nb3 27. Re1
Bb4 28. Rd1 exd4 29. Bf2 Bd6 30. Kh1 Bxh2 31. Bxd4 Nxd4 32. Rxd4 Be5 33. Re4
Qc1+ 34. Qe1 Qxe1+ 35. Rxe1 Bxb2 36. Rb1 g6 37. Bf1 Kf8 38. Bc4 Rb4 39. Kg2
Rxc4 40. Rxb2 Rc5 41. f4 Kg7 42. Rb7 Rf5 43. Kg3 h6 44. gxh6+ Kxh6 45. Ra7 Kg7
46. Rb7 Rd5 47. Ra7 Kf6 48. Rb7 Ke6 49. Kg4 Rd1 50. f5+ gxf5+ 1/2-1/2

[Event "13ème Open International de Saint-Affriq"]
[Site "Saint-Affrique"]
[Date "????.??.??"]
[Round "7.2"]
[White "Degraeve, Jean-Marc"]
[Black "Todorov, Ognjan"]
[Result "1-0"]
[WhiteElo "2546"]
[BlackElo "2335"]
[PlyCount "81"]

1. e4 c5 2. Nf3 e6 3. Nc3 a6 4. d4 cxd4 5. Nxd4 Qc7 6. Bd3 Nf6 7. O-O Bc5 8.
Nb3 Be7 9. f4 d6 10. a4 b6 11. Qe2 Nbd7 12. Bd2 Bb7 13. Rae1 O-O 14. g4 g6 15.
g5 Nh5 16. f5 Ne5 17. f6 Bd8 18. Qf2 Nxd3 19. cxd3 Qd7 20. Be3 e5 21. Qh4 d5
22. exd5 Bxd5 23. Nxd5 Qxd5 24. Qe4 Qxe4 25. dxe4 h6 26. Rc1 hxg5 27. Bxg5 Ra7
28. Rc6 Rd7 29. Rf2 Re8 30. Rd2 Rxd2 31. Nxd2 Nf4 32. Bxf4 exf4 33. h4 Kh7 34.
Nf3 Kh6 35. Kg2 Rxe4 36. Ng5 Rd4 37. Nxf7+ Kh5 38. Ne5 Re4 39. f7 Be7 40. Nxg6
Bb4 41. Rxb6 1-0

[Event "13ème Open International de Saint-Affriq"]
[Site "Saint-Affrique"]
[Date "????.??.??"]
[Round "7.3"]
[White "Boudre, Jean-Pierre"]
[Black "Flear, Glenn C"]
[Result "0-1"]
[WhiteElo "2359"]
[BlackElo "2509"]
[PlyCount "52"]

1. e4 e5 2. Nf3 Nc6 3. Bb5 a6 4. Ba4 Nf6 5. d3 d6 6. c4 Be7 7. Nc3 O-O 8. h3
Ne8 9. Bxc6 bxc6 10. d4 exd4 11. Nxd4 Qd7 12. O-O g6 13. Bh6 Ng7 14. Qd2 Bb7
15. Rfe1 Rfe8 16. Rad1 Rad8 17. Nc2 Qe6 18. b3 Qe5 19. Be3 Ne6 20. f4 Qg7 21.
f5 Bf6 22. Ne2 gxf5 23. exf5 Ng5 24. Bxg5 Bxg5 25. Qd3 c5 26. Nc3 Be3+ 0-1

[Event "13ème Open International de Saint-Affriq"]
[Site "Saint-Affrique"]
[Date "????.??.??"]
[Round "7.4"]
[White "Georgiev, Krum"]
[Black "Meynard, Thibault"]
[Result "1-0"]
[WhiteElo "2468"]
[BlackElo "2281"]
[PlyCount "71"]

1. e4 c5 2. Nf3 Nc6 3. Bb5 g6 4. O-O Bg7 5. c3 Nf6 6. Re1 O-O 7. h3 d5 8. e5
Ne8 9. d4 Qb6 10. Ba4 cxd4 11. cxd4 Nc7 12. Nc3 Rd8 13. a3 a5 14. Bb3 Qa7 15.
Bg5 Be6 16. Ba4 h6 17. Be3 Nb8 18. Qd2 Kh7 19. Bc2 Nd7 20. a4 Nf8 21. Ne2 Bd7
22. Nh4 Ne8 23. Nf4 Ne6 24. Nfxg6 fxg6 25. Nxg6 Kg8 26. Nxe7+ Kf7 27. Nf5 h5
28. Qe2 Qa6 29. Bd3 Qb6 30. Qxh5+ Kf8 31. Bh6 Rdc8 32. Re3 Qd8 33. Rf3 Kg8 34.
Bxg7 Ng5 35. Ne7+ Kxg7 36. Qg6+ 1-0

[Event "13ème Open International de Saint-Affriq"]
[Site "Saint-Affrique"]
[Date "????.??.??"]
[Round "7.7"]
[White "Leygue, Dominique"]
[Black "Lagunes, Jean-Renaud"]
[Result "1-0"]
[WhiteElo "2322"]
[BlackElo "2131"]
[PlyCount "57"]

1. d4 d5 2. Nf3 Nc6 3. Bf4 Bg4 4. c4 Bxf3 5. gxf3 e6 6. Nc3 Bb4 7. e3 Nf6 8.
Rg1 Bxc3+ 9. bxc3 Ne7 10. Qb3 b6 11. cxd5 exd5 12. Rxg7 Nh5 13. Rg4 Nxf4 14.
Rxf4 Qd6 15. c4 c6 16. cxd5 cxd5 17. Rc1 O-O 18. Bd3 Rfc8 19. Rxc8+ Rxc8 20.
Ke2 Nc6 21. Qb1 h6 22. Qg1+ Kh8 23. Qg4 Rg8 24. Qh5 Nb4 25. Bb1 Qc6 26. Qxf7
Qb5+ 27. Kd2 Nc2 28. Qf6+ Rg7 29. Qf8+ 1-0

[Event "13ème Open International de Saint-Affriq"]
[Site "Saint-Affrique"]
[Date "????.??.??"]
[Round "7.8"]
[White "Manouck, Thierry"]
[Black "Pfeifer, Andreas"]
[Result "1-0"]
[WhiteElo "2273"]
[BlackElo "2120"]
[PlyCount "59"]

1. c4 e5 2. g3 Nf6 3. Bg2 d5 4. cxd5 Nxd5 5. Nc3 Nb6 6. Nf3 Nc6 7. O-O Be7 8.
a3 Be6 9. b4 a5 10. Rb1 a4 11. d3 f6 12. Be3 Nd4 13. Bxd4 exd4 14. Nb5 c5 15.
bxc5 Bxc5 16. Qc2 Rc8 17. Qb2 O-O 18. Nfxd4 Bd5 19. Bh3 Re8 20. Bxc8 Nxc8 21.
Qc3 b6 22. e4 Bf7 23. Nf5 Ne7 24. Nxe7+ Bxe7 25. Nc7 Qc8 26. Rxb6 Rd8 27. Rc1
Qh3 28. Nd5 Rxd5 29. exd5 Bxd5 30. Qc8+ 1-0

[Event "13ème Open International de Saint-Affriq"]
[Site "Saint-Affrique"]
[Date "????.??.??"]
[Round "7.25"]
[White "Schoucair, Henry"]
[Black "Betis-Doucet, Carol"]
[Result "1-0"]
[WhiteElo "2105"]
[BlackElo "1830"]
[PlyCount "42"]

1. e4 e6 2. d4 Be7 3. Bd3 d5 4. e5 b6 5. c3 Ba6 6. Bxa6 Nxa6 7. Qa4+ Qd7 8.
Qxa6 c5 9. Qd3 cxd4 10. cxd4 Rc8 11. Nc3 Rc4 12. Nge2 f6 13. f4 Nh6 14. b3 Rc6
15. O-O f5 16. Bd2 Ng4 17. h3 Nh6 18. Rac1 Nf7 19. Nb5 h6 20. Rxc6 Qxc6 21. Rc1
Qa8 1-0

[Event "13ème Open International de Saint-Affriq"]
[Site "Saint-Affrique"]
[Date "????.??.??"]
[Round "7.28"]
[White "Priser, Patrick"]
[Black "Guedon, Stephane"]
[Result "1-0"]
[WhiteElo "1955"]
[BlackElo "2263"]
[PlyCount "47"]

1. e4 c5 2. Nc3 Nc6 3. g3 g6 4. Bg2 Bg7 5. d3 Rb8 6. Be3 d6 7. Qd2 b5 8. Nge2
b4 9. Nd1 Nd4 10. O-O e6 11. Nc1 Ne7 12. c3 bxc3 13. bxc3 Nb5 14. Bh6 O-O 15.
Bxg7 Kxg7 16. Rb1 Bd7 17. Ne3 Na3 18. Rxb8 Qxb8 19. Nb3 Nb5 20. e5 dxe5 21.
Nxc5 Rd8 22. Nxd7 Rxd7 23. Rb1 e4 24. c4 1-0

[Event "13ème Open International de Saint-Affriq"]
[Site "Saint-Affrique"]
[Date "????.??.??"]
[Round "7.46"]
[White "Poulain, Yves"]
[Black "Pierre, Timothee"]
[Result "1-0"]
[WhiteElo "1810"]
[BlackElo "1971"]
[PlyCount "45"]

1. d4 f5 2. e4 fxe4 3. f3 e6 4. Be3 exf3 5. Nxf3 Nf6 6. Bd3 Be7 7. c4 O-O 8.
Qc2 Nc6 9. a3 h6 10. O-O Ng4 11. Bd2 Bd6 12. h3 Rxf3 13. gxf3 Nh2 14. Rf2 Qh4
15. Bh7+ Kh8 16. Qg6 Nxd4 17. Rg2 Nhxf3+ 18. Kf1 Nxd2+ 19. Nxd2 Nf5 20. Re1
Qxh3 21. Ne4 b6 22. Qe8+ Kxh7 23. Nf6+ 1-0

[Event "13ème Open International de Saint-Affriq"]
[Site "Saint-Affrique"]
[Date "????.??.??"]
[Round "7.70"]
[White "Rivier, Sylvain"]
[Black "Krier, Daniel"]
[Result "1-0"]
[WhiteElo "1610"]
[BlackElo "1820"]
[PlyCount "31"]

1. e4 c5 2. Nf3 d6 3. d4 cxd4 4. Nxd4 Nf6 5. Nc3 a6 6. Bg5 e6 7. Bc4 Be7 8. O-O
O-O 9. Re1 Qc7 10. Bb3 Nc6 11. a3 Bd7 12. Kh1 Rac8 13. f4 b5 14. Re3 Ng4 15.
Qxg4 Nxd4 16. Bxe7 1-0

[Event "13ème Open International de Saint-Affriq"]
[Site "Saint-Affrique"]
[Date "????.??.??"]
[Round "7.94"]
[White "Guedon, Sosthene"]
[Black "Le Kouaghet, Solenne"]
[Result "1-0"]
[WhiteElo "1130"]
[BlackElo "1245"]
[PlyCount "35"]

1. e4 c5 2. Nf3 Nf6 3. Nc3 e6 4. Bc4 Nc6 5. O-O Bd6 6. d4 O-O 7. dxc5 Bxc5 8.
e5 Ng4 9. Bd3 Bb4 10. Bxh7+ Kh8 11. Ng5 Nf6 12. exf6 d6 13. fxg7+ Kxg7 14. Qh5
Bc5 15. Nxe6+ Bxe6 16. Qh6+ Kh8 17. Bg6+ Kg8 18. Qh7# 1-0

[Event "13ème Open International de Saint-Affriq"]
[Site "Saint-Affrique"]
[Date "????.??.??"]
[Round "7.100"]
[White "Boyd, Christopher"]
[Black "Boyd, Emilie"]
[Result "1-0"]
[WhiteElo "1120"]
[BlackElo "1000"]
[PlyCount "83"]

1. e4 e5 2. Nf3 Nc6 3. Nc3 d6 4. Bb5 Nf6 5. O-O Be7 6. Bxc6+ bxc6 7. d4 d5 8.
dxe5 Nxe4 9. Nxe4 dxe4 10. Qxd8+ Kxd8 11. Rd1+ Ke8 12. Bg5 f6 13. Bh4 Bb7 14.
Ne1 Bc5 15. exf6 Rf8 16. fxg7 Rg8 17. Rd2 e3 18. fxe3 Bxe3+ 19. Rf2 a5 20. Rd1
a4 21. Kf1 Ba6+ 22. Kg1 Rb8 23. Bg3 h5 24. Bxc7 Rc8 25. Bd6 Rxg7 26. Bg3 h4 27.
Bxh4 Rh7 28. g3 Rcc7 29. Kg2 Rcg7 30. Bf6 Rg8 31. Rf3 Rh5 32. Rxe3+ Kf7 33. Rf3
Rgh8 34. Rd7+ Kg6 35. Rg7+ Kh6 36. g4 Rh4 37. Kg3 Rh5 38. g5+ Rxg5+ 39. Bxg5+
Kh5 40. Kf2 Rd8 41. Bxd8 Bc4 42. Rh3# 1-0

[Event "13ème Open International de Saint-Affriq"]
[Site "Saint-Affrique"]
[Date "????.??.??"]
[Round "8.1"]
[White "Kosten, Anthony C"]
[Black "Degraeve, Jean-Marc"]
[Result "1/2-1/2"]
[WhiteElo "2522"]
[BlackElo "2546"]
[PlyCount "35"]

1. Nf3 g6 2. e4 c5 3. d4 cxd4 4. Nxd4 Nc6 5. c4 Nf6 6. Nc3 d6 7. Be2 Nxd4 8.
Qxd4 Bg7 9. Be3 O-O 10. Qd2 Be6 11. Rc1 Qa5 12. f3 Rfc8 13. b3 a6 14. Na4 Qxd2+
15. Kxd2 Nd7 16. g4 f5 17. gxf5 gxf5 18. Rhg1 1/2-1/2

[Event "13ème Open International de Saint-Affriq"]
[Site "Saint-Affrique"]
[Date "????.??.??"]
[Round "8.2"]
[White "Georgiev, Krum"]
[Black "Flear, Glenn C"]
[Result "1-0"]
[WhiteElo "2468"]
[BlackElo "2509"]
[PlyCount "61"]

1. e4 e5 2. Nf3 Nc6 3. Bb5 a6 4. Ba4 Nf6 5. d3 d6 6. O-O g6 7. c3 Bg7 8. Nbd2
O-O 9. Re1 b5 10. Bc2 Re8 11. a4 Bb7 12. h3 Nb8 13. b4 Nbd7 14. Nb3 Rb8 15. Be3
d5 16. Qb1 Bf8 17. axb5 axb5 18. Ra5 Nb6 19. Rxb5 dxe4 20. dxe4 Nc4 21. Bc1 c6
22. Rc5 Bxc5 23. Nxc5 Bc8 24. Bb3 Nd6 25. Rd1 Qe7 26. Bg5 Kg7 27. Qc1 Nb7 28.
Nd3 Be6 29. Bc2 Rbd8 30. Nfxe5 Rd6 31. Nf3 1-0

[Event "13ème Open International de Saint-Affriq"]
[Site "Saint-Affrique"]
[Date "????.??.??"]
[Round "8.4"]
[White "Manouck, Thierry"]
[Black "Apicella, Manuel"]
[Result "1/2-1/2"]
[WhiteElo "2273"]
[BlackElo "2553"]
[PlyCount "84"]

1. c4 Nf6 2. g3 g6 3. Bg2 Bg7 4. Nc3 O-O 5. d3 d6 6. Nf3 e5 7. O-O Nc6 8. Rb1
a5 9. a3 h6 10. b4 axb4 11. axb4 Be6 12. b5 Ne7 13. Bb2 Qd7 14. Re1 Bh3 15. Bh1
Ng4 16. d4 Qe6 17. Qd3 f5 18. Nd5 Rfc8 19. e4 fxe4 20. Nxe7+ Qxe7 21. Qxe4 Qf7
22. dxe5 dxe5 23. Bg2 Nxf2 24. Kxf2 Bf5 25. Qd5 Qxd5 26. cxd5 Ra2 27. Ke3 c6
28. dxc6 bxc6 29. b6 Bxb1 30. Rxb1 e4 31. Bh3 Rxb2 32. Rxb2 Bxb2 33. Bxc8 exf3
34. Ke4 Ba3 35. Kxf3 Bc5 36. b7 Bd6 37. Bd7 c5 38. Bb5 Kf7 39. Ke4 Ke6 40. Bc4+
Kd7 41. Kd5 Bb8 42. Kxc5 Kc7 1/2-1/2

[Event "13ème Open International de Saint-Affriq"]
[Site "Saint-Affrique"]
[Date "????.??.??"]
[Round "8.6"]
[White "Julian, Stephane"]
[Black "David, Vincent"]
[Result "1-0"]
[WhiteElo "2168"]
[BlackElo "2277"]
[PlyCount "45"]

1. e4 e6 2. d4 d5 3. Nd2 dxe4 4. Nxe4 Nd7 5. Nf3 Be7 6. Bd3 Ngf6 7. Qe2 Nxe4 8.
Bxe4 c5 9. c3 O-O 10. O-O Nf6 11. Bc2 b6 12. dxc5 bxc5 13. Bg5 Bb7 14. Rfd1 Qc7
15. Ne5 Rfd8 16. Re1 Rd6 17. Qe3 Rad8 18. Qh3 Rd5 19. Bxf6 Bxf6 20. Ng4 Rd2 21.
Nxf6+ gxf6 22. Qxh7+ Kf8 23. Rxe6 1-0

[Event "13ème Open International de Saint-Affriq"]
[Site "Saint-Affrique"]
[Date "????.??.??"]
[Round "8.9"]
[White "Todorov, Ognjan"]
[Black "Rolland, Benjamin"]
[Result "1-0"]
[WhiteElo "2335"]
[BlackElo "2123"]
[PlyCount "35"]

1. d4 d5 2. Nf3 Nf6 3. c4 e6 4. g3 Be7 5. Bg2 c6 6. O-O O-O 7. Qb3 Nbd7 8. Nc3
b6 9. Bf4 a6 10. Rac1 Nh5 11. Be5 f6 12. cxd5 Nxe5 13. dxe5 cxd5 14. Rfd1 Bc5
15. e3 fxe5 16. Nxe5 Bb7 17. Nxd5 Qb8 18. Nd7 1-0

[Event "13ème Open International de Saint-Affriq"]
[Site "Saint-Affrique"]
[Date "????.??.??"]
[Round "8.17"]
[White "Bourges, Jerome"]
[Black "Flouzat, Jean-Marc"]
[Result "1-0"]
[WhiteElo "2050"]
[BlackElo "2174"]
[PlyCount "59"]

1. d4 d5 2. c4 c6 3. Nc3 Nf6 4. Nf3 a6 5. c5 Bf5 6. Bf4 e6 7. h3 Nbd7 8. e3 b5
9. Be2 h6 10. O-O Be7 11. b4 O-O 12. a4 Ne4 13. Nxe4 Bxe4 14. axb5 axb5 15. Nd2
Bg6 16. Nb3 f6 17. Qd2 e5 18. Bg3 Qc7 19. Ra2 Rxa2 20. Qxa2 Rc8 21. Ra1 Kh7 22.
Qb2 Qd8 23. Ra7 Ra8 24. Qa2 Rc8 25. Qa6 Bf5 26. Bg4 Bxg4 27. hxg4 Bf8 28. Qb7
Nb8 29. dxe5 fxe5 30. Bxe5 1-0

[Event "13ème Open International de Saint-Affriq"]
[Site "Saint-Affrique"]
[Date "????.??.??"]
[Round "8.31"]
[White "Gouat, Yves"]
[Black "Guennoun, Anthony"]
[Result "0-1"]
[WhiteElo "1860"]
[BlackElo "2087"]
[PlyCount "36"]

1. e4 c5 2. Nf3 Nc6 3. d4 cxd4 4. Nxd4 Nf6 5. Nc3 e5 6. Ndb5 d6 7. Nd5 Nxd5 8.
exd5 Nb8 9. c4 Be7 10. Bd3 O-O 11. O-O a6 12. Nc3 f5 13. f4 Bf6 14. fxe5 Bxe5
15. Qc2 g6 16. a3 Nd7 17. b4 Qh4 18. g3 Qd4+ 0-1

[Event "13ème Open International de Saint-Affriq"]
[Site "Saint-Affrique"]
[Date "????.??.??"]
[Round "8.34"]
[White "Betis-Doucet, Carol"]
[Black "Camel, Lorenzo"]
[Result "1-0"]
[WhiteElo "1830"]
[BlackElo "2069"]
[PlyCount "59"]

1. c4 e6 2. Nc3 Nf6 3. d3 Bb4 4. a3 Bxc3+ 5. bxc3 b6 6. e4 d6 7. f4 e5 8. Be2
O-O 9. f5 h6 10. g4 Nh7 11. h4 f6 12. Nh3 Kf7 13. Be3 Rh8 14. Qd2 Nd7 15. O-O-O
Bb7 16. Rdg1 Qf8 17. Rh2 d5 18. Kb2 dxe4 19. d4 exd4 20. cxd4 c5 21. g5 hxg5
22. Rhg2 Rd8 23. d5 Ne5 24. hxg5 Nxg5 25. Nxg5+ fxg5 26. Rxg5 Rh2 27. R5g2 Rxg2
28. Rxg2 Qd6 29. Qc3 Qf6 30. Bg5 1-0

[Event "13ème Open International de Saint-Affriq"]
[Site "Saint-Affrique"]
[Date "????.??.??"]
[Round "8.97"]
[White "Boyd, Christopher"]
[Black "Flear, James C"]
[Result "1-0"]
[WhiteElo "1120"]
[BlackElo "1200"]
[PlyCount "67"]

1. e4 e5 2. Nf3 Nc6 3. Nc3 Nf6 4. Bb5 Nd4 5. Nxd4 exd4 6. Ne2 Nxe4 7. Nxd4 a6
8. Bd3 Nc5 9. Qe2+ Be7 10. O-O d5 11. b4 Nxd3 12. Qxd3 O-O 13. Qe2 Bf6 14. c3
Re8 15. Qh5 g6 16. Qh6 Bxd4 17. cxd4 Qf6 18. d3 Qxd4 19. Be3 Rxe3 20. fxe3
Qxe3+ 21. Qxe3 a5 22. Qe8+ Kg7 23. Qxf7+ Kh6 24. Rfe1 axb4 25. Re7 b3 26. Qxh7+
Kg5 27. Re5+ Kf6 28. Rxd5 Rxa2 29. Rf1+ Ke6 30. Rb5 b2 31. Qxg6+ Kd7 32. Rg5 b6
33. Rf7+ Kd8 34. Qg8# 1-0